| 000 | 01361cam a22003734a 4500 | ||
|---|---|---|---|
| 999 |
_c50549 _d50549 |
||
| 001 | 12556006 | ||
| 005 | 20200219163839.0 | ||
| 008 | 011004s2002 nyua b 001 0 eng | ||
| 010 | _a 2001054471 | ||
| 020 | _a0815332181 (hardbound) | ||
| 020 | _a0815340729 (pbk.) | ||
| 040 |
_aDLC _cDLC _dDLC |
||
| 041 | _aeng | ||
| 042 | _apcc | ||
| 050 | 0 | 0 |
_aQH581.2 _b.M64 2002 |
| 082 | 0 | 0 |
_a571.6 _221 |
| 245 | 0 | 0 |
_aMolecular biology of the cell / _cBruce Alberts ... [et al.]. |
| 250 | _a4th ed. | ||
| 264 |
_aNew York : _bGarland Science, _c2002. |
||
| 300 |
_axxxiv, [1548] p. : _bill. (some col.) ; _c29 cm. + _e1 CD-ROM (4 3/4 in.) |
||
| 504 | _aIncludes bibliographical references and index. | ||
| 650 | 0 |
_aCytology. _97126 |
|
| 650 | 0 |
_aMolecular biology. _9168 |
|
| 650 | 2 |
_aCells. _97127 |
|
| 650 | 2 |
_aMolecular Biology. _9168 |
|
| 653 | _aბიოლოგია | ||
| 653 | _aციტოლოგია | ||
| 653 | _aუჯრედული ბიოლოგია | ||
| 700 | 1 |
_aAlberts, Bruce. _97168 |
|
| 856 | 4 | 2 |
_3Publisher description _uhttp://www.loc.gov/catdir/enhancements/fy0652/2001054471-d.html |
| 906 |
_a7 _bcbc _corignew _d1 _eocip _f20 _gy-gencatlg |
||
| 942 |
_2udc _cBK |
||
| 955 |
_apc05 2001-10-04 to ASCD' _ijc09 2001-10-05 _aaa05 2001-10-09 _aps12 2005-05-03 1 copy rec'd., to CIP ver. _aja15 2005-09-01 Copy 2 to BCCD |
||